Largest Empires Of All-time - Statistics

General Stats
  • This quiz has been taken 46 times
  • The average score is 36 of 100
Answer Stats
Rank Location of Orgin Nation % Correct
1 Great Britain British Empire
98%
2 Mongolia/China Mongol Empire
95%
3 Eastern Europe Russian Empire
86%
85 Western Europe Western Roman Empire
86%
44 Western Europe 1st French Colonial Empire
84%
71 Western Europe First French Empire
84%
19 Persia Achaemenid Empire
81%
23 Anatolia Ottoman Empire
81%
5 Iberia Spanish Empire
81%
12 East Asia Empire of Japan
70%
48 Western Europe German Colonial Empire
67%
91 China Qi
65%
60 Balkans Byzantine Empire
63%
13 China Eastern Han Dynasty
63%
37 Italic Peninsula Italian Empire
63%
69 China Qin Dynasty
63%
18 China Western Han Dynasty
63%
78 China Qin
60%
70 Western Europe Dutch Empire
58%
11 South America Empire of Brazil
58%
52 Scandinavia Danish Empire
56%
81 South America Incan Empire
56%
22 Balkans Macedonian Empire
56%
14 China Ming Dynasty
53%
4 China Qing Dynasty
53%
20 Iberia Second Portuguese Empire
53%
75 Iberia Third Portuguese Empire
53%
6 Western Europe 2nd French Colonial Empire
49%
34 India Mughal Empire
49%
21 China Tan Dynasty
47%
83 China Liu Song Dynasty
42%
49 China Northern Song Empire
42%
74 China Southern Song Empire
42%
29 North America 1st Mexican Empire
40%
7 Khurasan Abbasid Caliphate
40%
66 Western Europe Belgian Empire
40%
25 Rome Roman Empire
40%
8 Mecca Umayyad Caliphate
37%
17 Eastern Europe Golden Horde
35%
87 India Gupta Dynasty
33%
24 China Northern Yuan Dynasty
33%
27 China Tibetan Empire
33%
9 China Yuan Dynasty
33%
95 India Eastern Maurya Empire
30%
46 India Maurya Empire
30%
94 Persia Neo-Assyrian Empire
30%
58 Persia Parthian Empire
30%
30 Persia Timurid Empire
30%
33 Eastern Europe Hunnic Empire
28%
72 Eastern Europe Kievan Rus
28%
73 Egypt Mamluk Sultanate
28%
93 China Northern Zhou
28%
15 Arabia Rashidun Caliphate
28%
56 China Eastern Jin Dynasty
26%
31 Egypt Fatimid Caliphate
26%
67 China Jin Dynasty
26%
65 India Maratha Confederacy
26%
54 Persia Safavid Empire
26%
99 China Shang Dynasty
26%
51 China Western Jin Dyanasty
26%
89 Buyid Dynasty Buyid Dynasty
23%
40 Inner Asia Chagatai Khanate
23%
61 India Indo-Scythian Empire
23%
36 West Asia Seleucid Empire
23%
90 China Wu
23%
86 Egypt Ayyubid Dynasty
21%
38 Persia Ilkhanate
21%
57 Persia Median Empire
21%
35 Persia Seljuk Empire
21%
53 China Sui Dynasty
21%
50 Mongolia Uyghur Khaganate
21%
26 China Xin Dynasty
21%
98 African Horn Aksum
19%
47 India Delhi Sultanate
19%
92 Northern Asia Northern Xiongnu
19%
43 Inner Asia Western Xiongnu
19%
10 China Xiongnu empire
19%
63 Persia Greco-Bactrian Empire
16%
82 Inner Asia Kushan Empire
16%
62 China Liao Dynasty
16%
76 Northern Africa Almohad Caliphate
14%
77 China Cao Wei
14%
100 Western Europe Francia
14%
45 Persia Ghaznavid Empire
14%
84 China Northern Wei
14%
97 Persia Qajar Dynasty
14%
41 Persia Sasanian Empire
14%
32 Mongolia Eastern Turkish Khaganate
12%
64 China Later Zhao
12%
55 Inner-Asia Samanid Empire
12%
39 Inner Asia Dzungar Khanate
9%
80 Persia Ghurid Dynasty
9%
68 Persia Khwarazmian Empire
9%
96 China Liang Dynasty
9%
88 Inner Asia Hephthalite Empire
7%
59 Mongolia Rouran Khaganate
7%
16 Mongol Plato Turkic Khaganate
7%
42 Inner Asia Western Turkish Khaganate
7%
28 China Xianbei state
7%
79 China Zao
0%
No matching quizzes found
Score Distribution
Percent of People with Each Score
Percentile by Number Answered
Your Score History
You have not taken this quiz